University calculus: elements with early transcendentals (Record no. 60889)
[ view plain ]
| 000 -LEADER | |
|---|---|
| fixed length control field | 00775nam a2200205 a 4500 |
| 008 - FIXED-LENGTH DATA ELEMENTS--GENERAL INFORMATION | |
| fixed length control field | 100818s2009 ||||||||||||||||| || u |
| 020 ## - INTERNATIONAL STANDARD BOOK NUMBER | |
| International Standard Book Number | 0321552105 |
| 050 ## - LIBRARY OF CONGRESS CALL NUMBER | |
| Classification number | QA 303.2 Has |
| 100 ## - MAIN ENTRY--PERSONAL NAME | |
| Personal name | Weir, Maurice D |
| 245 10 - TITLE STATEMENT | |
| Title | University calculus: elements with early transcendentals |
| Statement of responsibility, etc. | Joel, Hass, Maurice D. Weir, George B. Thomas |
| 260 ## - PUBLICATION, DISTRIBUTION, ETC. | |
| Place of publication, distribution, etc. | Boston, MA |
| Name of publisher, distributor, etc. | Pearson |
| Date of publication, distribution, etc. | 2009 |
| 300 ## - PHYSICAL DESCRIPTION | |
| Extent | xv, 791p. [various pagings] |
| 350 ## - PRICE (NR) (BK AM CF MU VM SE) [OBSOLETE] | |
| Price | 0.00 |
| 650 ## - SUBJECT ADDED ENTRY--TOPICAL TERM | |
| Topical term or geographic name entry element | CALCULUS--TEXTBOOKS |
| 650 #0 - SUBJECT ADDED ENTRY--TOPICAL TERM | |
| Topical term or geographic name entry element | MATHEMATICS--HANDBOOKS, MANUALS, ETC |
| 700 ## - ADDED ENTRY--PERSONAL NAME | |
| Personal name | Thomas, George B |
| 700 ## - ADDED ENTRY--PERSONAL NAME | |
| Personal name | Hass, Joel |
| 700 ## - ADDED ENTRY--PERSONAL NAME | |
| Personal name | Hass, Joel |
| 995 ## - RECOMMENDATION 995 [LOCAL, UNIMARC FRANCE] | |
| -- | 0.00 |
| -- | CBU-MAIN LIBRARY (Kitwe) |
| -- | 1 |
| -- | 0.00 |
| -- | 1 |
| -- | AVAILABLE |
| -- | Aug 18, 2010 |
| -- | Annex Low-Usage Collection |
| Withdrawn status | Lost status | Source of classification or shelving scheme | Damaged status | Not for loan | Home library | Current library | Shelving location | Date acquired | Total Checkouts | Full call number | Barcode | Date last seen | Price effective from | Koha item type |
|---|---|---|---|---|---|---|---|---|---|---|---|---|---|---|
| CBU-MAIN LIBRARY, KITWE. | CBU-MAIN LIBRARY, KITWE. | 11/30/2022 | QA 303.2 Has | 741513 | 11/30/2022 | 11/30/2022 | MONOGRAPH |